000 00799nam a2200289Ia 4500
005 20260401125915.0
008 008 300114s9999 xx 000 0 eng d
020 _a9781282677289
037 _aEBOOK
040 _aCRL
040 _beng
040 _cCRL
041 _2eng
041 _aeng
084 _qCRL
100 _aShreiner and The Khronos Opengl Arb Working Group
_91233998
245 0 _aOpenGL Programming Guide: The Official Guide to Learning OpenGL, Versions 3.0 and 3.1
250 _a7
260 _bPearson
260 _c2010
365 _b163304.07858342375
650 _aFOT (Computer Sciene)
_91233944
856 _uhttps://admin.elibrary.in.pearson.com/api/1.0/org/24122025/launchlibrary
942 _cEBOOK
999 _c1847915
_d1847915